| 000 | 02152cam a22005174i 4500 | ||
|---|---|---|---|
| 003 | PE-LiUPU | ||
| 005 | 20250731172718.0 | ||
| 008 | 150617s1984 ck r4 000 0 spa d | ||
| 035 | _a(Sirsi) a10949 | ||
| 040 |
_aPE-LiUPU _bspa _cPE-LiUPU _erda |
||
| 049 | _aPRUA | ||
| 082 | 0 | 4 |
_a209 _bG18 _221 |
| 100 | 1 |
_aGalindo Moreno, Florencio, _eautor. |
|
| 245 | 1 | 0 |
_aHistoriografía Bíblica / _cFlorencio Galino Moreno. |
| 264 | 1 |
_aBogota : _bUsta, _c1984. |
|
| 300 |
_a275 páginas : _bilustraciones ; _c21 centímetros. |
||
| 336 |
_atext _2rdacontent |
||
| 337 |
_aunmediated _2rdamedia |
||
| 338 |
_avolume _2rdacarrier |
||
| 490 | 0 | _aFilosofía a distancia | |
| 504 | _aIncluye bibliografía. | ||
| 505 | 0 | _aCuestiones introductorias -- Una historia sui generis -- ¿Como se formo la Bíblia? -- La historia de Israel desde sus comienzos hasta la monarquía -- De la institución de la monarquia al exilio -- Del retorno del exilio a la dominación romana en palestina -- Del principio de la dominación romana en Palestina a la dispersión de la comunidad judía de Jerusalen. | |
| 526 | _aSEG42 | ||
| 526 | _aSEG41 | ||
| 526 | _aSEG40 | ||
| 526 | _aSEG39 | ||
| 526 | _aP94 | ||
| 526 | _aP87 | ||
| 526 | _aP86 | ||
| 526 | _aP85 | ||
| 526 | _aP77 | ||
| 526 | _aP76 | ||
| 526 | _aP35 | ||
| 630 |
_aBiblia _xHistoriografía. |
||
| 650 | 0 | 4 | _aGeografía bíblica. |
| 910 |
_ajck _bjvq _cjck _d20150616 |
||
| 942 |
_2ddc _cBOOK |
||
| 949 |
_a209 G18 _wDEWEY _c1 _i31185 _lCCODEBUL1 _mBUL _p00.00 _r0 _sY _tBOOK _u19900912 _xTEOLOGIA _PP35 _0COMPRA _o.STAFF. Colección General |
||
| 949 |
_a209 G18 _wDEWEY _c2 _i27612 _lCCODEBUL1 _mBUL _p00.00 _r0 _sY _tBOOK _u19900912 _xTEOLOGIA _PP35 _0COMPRA _o.STAFF. Colección General |
||
| 994 |
_aC0 _bPEPRU |
||
| 596 | _a1 | ||
| 999 |
_a209 G18 _wDEWEY _c1046 _i31185 _d1046 _f2021-11-11 _g5 _lCCODEBUL1 _mBUL _q1 _r0 _sY _tBOOK _u2015-6-17 _xTEOLOGIA _PP35 _0COMPRA _o.STAFF. Colección Teología |
||
| 999 |
_a209 G18 _wDEWEY _c2 _i27612 _f2018-2-8 _g2 _lDISCARD _mBUL _r0 _sY _tBOOK _u2015-6-17 _xUNKNOWN _PP35 _0COMPRA _o.STAFF. Colección General |
||
| 980 |
_81 _gALBERTO SANCHEZ Responsable de Automatización |
||